Complete valuation practice

Bibliographic Details
Main Author: Mustoe, N. E.
Other Authors: Eve, H. Brian, Anstey, Bryan
Format: Book
Published: London : The Estate Gazettes Ltd , 1960
Edition:5th ed.
Subjects:

MARC

LEADER 00000cam a2200000 7i4500
001 0000009599
005 20161124.0
040 |a INS 
090 0 0 |a KD5534   |b M87 1960 
100 0 |a Mustoe, N. E. 
245 0 0 |a Complete valuation practice   |c N. E Mustoe, H. Brian Eve,Bryan Anstey 
250 |a 5th ed. 
260 |a London :   |b The Estate Gazettes Ltd ,   |c 1960 
300 |a v p. ;   |c 21 cm. 
650 0 |a Real property   |x Valuation   |z Great Britain 
650 0 0 |a Valuation   |x Handbooks, manuals etc 
700 0 |a Eve, H. Brian 
700 1 |a Anstey, Bryan 
999 |a 0000022732   |b BOOK   |c Open Shelf   |e Default branch